00233 a2200097 450000100060000008200160000610000150002224500610003726000270009830000100012564688 a624.122 HOL aHolnicki,J aAdvances in Smart Technologies in Structural Engineering aLondonbSpringerc2004 a211P.